التيارات السياسية في الأردن و نص قانون الأحزاب / (رقم التسجيلة. 8013)

تفاصيل مارك
000 -LEADER
fixed length control field 00559nam a22001817a 4500
005 - DATE AND TIME OF LATEST TRANSACTION
control field 20251108164254.0
008 - FIXED-LENGTH DATA ELEMENTS--GENERAL INFORMATION
fixed length control field 250721s1992 xx 000 0 ara d
082 14 - DEWEY DECIMAL CLASSIFICATION NUMBER
Classification number 329.9565/رنا
100 1# - MAIN ENTRY--PERSONAL NAME
Personal name عياد، رناد الخطيب
245 10 - TITLE STATEMENT
Title التيارات السياسية في الأردن و نص قانون الأحزاب /
264 1# - PRODUCTION, PUBLICATION, DISTRIBUTION, MANUFACTURE, AND COPYRIGHT NOTICE
Place of production, publication, distribution, manufacture عمان :
Name of producer, publisher, distributor, manufacturer المؤلفة،
Date of production, publication, distribution, manufacture, or copyright notice 1992.
300 ## - PHYSICAL DESCRIPTION
Extent ج2.
650 17 - SUBJECT ADDED ENTRY--TOPICAL TERM
Topical term or geographic name as entry element الأحزاب السياسية
650 17 - SUBJECT ADDED ENTRY--TOPICAL TERM
Topical term or geographic name as entry element الأردن
650 17 - SUBJECT ADDED ENTRY--TOPICAL TERM
Topical term or geographic name as entry element قانون الأحزاب
942 ## - ADDED ENTRY ELEMENTS (KOHA)
Source of classification or shelving scheme Dewey Decimal Classification
Koha item type كتب
المقتنيات
حالة السحب حالة الفقدان مصدر التصنيف حالة التلف غير قابل للإعارة المكتبة الرئيسية المكتبة الحالية موقع الرف تاريخ التزويد الرقم المتسلسل Total Checkouts رقم الإستدعاء الباركود تاريخ آخر ظهور تاريخ الفاتورة نوع المادة (كوها)
    Dewey Decimal Classification     مكتبة البراعم الواعدة مكتبة البراعم الواعدة الإعارة 17/06/2015 1474571   329.9565/رنا PLD00332008 28/07/2025 17/06/2015 كتب
    Dewey Decimal Classification   Not For Loan مكتبة تاريخ الأردن مكتبة تاريخ الأردن لا يعار 09/12/2010 1453554   329.9565/رنا PLD00172636 28/07/2025 09/12/2010 كتب
    Dewey Decimal Classification     مكتبة وادي السير العامة مكتبة وادي السير العامة الإعارة 07/04/2016 [5853].....   329.9565/رنا PLD00385415 28/07/2025 07/04/2016 كتب
Implemented & Customized by: BBB with SCIT (Smart Chains for Information Technology)

Powered by Koha